Name the Tree or Bush by Leaf - Statistics

General Stats
  • This quiz has been taken 25 times
  • The average score is 5 of 10
Answer Stats
Picture Answer % Correct
Oak
92%
Holly
76%
Pine
72%
Nettle
56%
Birch
52%
Rose
48%
Bramble
40%
Ash
32%
Gorse
4%
Rhododendron
4%
No matching quizzes found
Score Distribution
Percent of People with Each Score
Percentile by Number Answered
Your Score History
You have not taken this quiz